Socialističeskij trud

Uložené v:
Podrobná bibliografia
Médium: Seriál
Jazyk:Russian
Vydavateľské údaje: Moskva Ekonomika 1990
Predmet:
Tagy: Pridať tag
Žiadne tagy, Buďte prvý, kto otaguje tento záznam!

MARC

LEADER 00000nas2a2200000 4500
001 s015046
005 20180117154301.0
022 |a 0132-1552 
041 0 |a rus 
044 |a RU 
245 1 0 |a Socialističeskij trud 
264 1 |a Moskva  |b Ekonomika  |c 1990 
300 |a 1 zv. 
773 0 |w eu_un_cat*s120776 
610 2 0 |a práca